[Event "XXXII Open"]
[Site "Donostia San Sebastian ESP"]
[Date "2009.04.06"]
[Round "3"]
[White "Pena Gomez,M"]
[Black "Fidalgo Fernandez,J"]
[Result "1-0"]
[WhiteElo "2456"]
[BlackElo "2285"]

1.c4 c6 2.Nf3 d5 3.g3 Nf6 4.Bg2 e6 5.O-O Bd6 6.d3 O-O 7.Qc2 e5 8.cxd5 cxd5
9.Nc3 d4 10.Nb5 Nc6 11.Nxd6 Qxd6 12.Bd2 Be6 13.Rfc1 Rac8 14.Qc5 Qb8 15.Qa3 h6
16.b4 Qd6 17.Qb2 Nd5 18.b5 Nce7 19.e4 dxe3 20.fxe3 Ng6 21.a4 Rfd8 22.a5 Nf6
23.Ne1 e4 24.Bb4 Qd7 25.dxe4 Qxb5 26.Bc3 Qxb2 27.Bxb2 Ng4 28.Bd4 a6 29.Rxc8 Bxc8
30.Rc1 N4e5 31.Rc7 Nc6 32.Bb6 Re8 33.Nd3 Nge5 34.Nxe5 Nxe5 35.Bd4 Nc6 36.Bc3 f6
37.Bf1 Kh8 38.Kg2 Na7 39.Kf3 Nb5 40.Bxb5 axb5 41.g4 b4 42.Bb2 b3 43.h4 Rf8
44.Kf4 Re8 45.g5 hxg5+ 46.hxg5 Rf8 47.Kg3 Be6 48.Rxb7 Ra8 49.Rb6 Bc4 50.gxf6 Rxa5
51.fxg7+ Kh7 52.Rb8 Bg8 53.Bd4 Rh5 54.Bf6 Rh1 55.Kg2 Re1 56.Kf2 Rc1 57.Bd4 Rc7
58.Ke2 Rc2+ 59.Kf3 Rc1 60.Be5 Rc5 61.Kf4 Rc1 62.Bd4 Rc6 63.Kf5 Be6+ 64.Kg5 Bg8
65.Rb5 Rh6 66.Rb8 Rc6 67.Re8 Rc2 68.Re7 Rc8 69.Rb7 Rc6 70.Ra7 Rh6 71.Ra1 Rg6+
72.Kf4 Rh6 73.Rg1 Re6 74.Rh1+ Kg6 75.Rh8 Re8 76.Rh2 Re6 77.Rh1 Rc6 78.Rg1+ Kh7
79.Kf5 Rh6 80.Bf6 Rh5+ 81.Kf4 Rh2 82.Kf3 Rh3+ 83.Ke2 Bc4+ 84.Kd2 Bg8 85.Kd3 Rh6
86.Be5 Rc6 87.Rh1+ Kg6 88.Rh2 Bc4+ 89.Kd4 Bg8 90.Kd3 Bc4+ 91.Kc3 Bg8+ 92.Kb2 Re6
93.Rg2+ Kh7 94.Rg5 Rc6 95.Bc3 Ra6 96.Rh5+ Kg6 97.Rh8 Ra2+ 98.Kb1 Ra8 99.e5 Kxg7
100.e6+ Kg6 101.Kb2 Kf5 102.Rh6 Re8 103.Rh8 Rc8 104.Rh5+ Kg6 105.Re5 Re8
106.e7 Kf7 107.Bb4 Kf6 108.Re4 Bf7 109.Bc3+ Kg5 110.Rf4 Bg6 111.Rf8 Kh6 112.Bb4 Kg7
113.Kxb3 Bf7+ 114.Ka4 Kf6 115.Kb5 Ke6 116.Kc6 Bh5 117.e4 Bf7 118.Kc7 Bh5
119.e5 Bf7 120.Kc6 Bh5 121.Bd6 Bf7 122.Bb4 Bh5 123.Bc5  1-0

[Event "XXXII Open"]
[Site "Donostia San Sebastian ESP"]
[Date "2009.04.07"]
[Round "4"]
[White "Salgado Lopez,I"]
[Black "Alsina Leal,D"]
[Result "0-1"]
[WhiteElo "2559"]
[BlackElo "2503"]

1.c4 c6 2.g3 d5 3.Nf3 Nf6 4.Bg2 Bg4 5.Ne5 Be6 6.cxd5 Bxd5 7.Nf3 c5 8.O-O e6
9.b3 Be7 10.Bb2 O-O 11.Nc3 Bc6 12.Rc1 Nbd7 13.d4 Rc8 14.Re1 cxd4 15.Qxd4 Bc5
16.Qd2 Qb6 17.e3 Bb4 18.Qe2 Bxf3 19.Bxf3 Qa5 20.Qc2 Ne5 21.Bg2 Nd5 22.Bxd5 Bxc3
23.Bxb7 Bxe1 24.Bxc8 Ng4 25.Bc3 Bxf2+ 26.Qxf2 Qh5 27.Qg2 Rxc8 28.Be1 Rd8
29.Rd1 Re8 30.Qe2 Qg5 31.h4 Qg6 32.Qb5 Nf6 33.Qa5 h5 34.Rc1 Ng4 35.Qxa7 Rd8
36.Qa6 Qe4 37.Qe2 Ne5 38.Ba5 Ra8 39.b4 g6 40.Rc3 Qb1+ 41.Kh2 Ng4+ 42.Kg2 Rb8
43.a3 Qe4+ 44.Qf3 Qe5 45.e4 Qd4 46.b5 Qd2+ 47.Kg1 Qh2+ 48.Kf1 Rxb5 49.Rc8+ Kg7
50.Bb4 Rb7 51.Bf8+ Kh7 52.Rb8 Rd7 53.Rd8 Rb7 54.Rb8 Qd2 55.Kg1 Qd4+ 56.Kh1 Rxb8
57.Qxf7+ Kh8  0-1

[Event "XXXII Open"]
[Site "Donostia San Sebastian ESP"]
[Date "2009.04.08"]
[Round "5"]
[White "Cuenca Jimenez,F"]
[Black "Ivanov,Jo"]
[Result "0-1"]
[WhiteElo "2169"]
[BlackElo "2435"]

1.c4 c6 2.Nf3 Nf6 3.g3 d5 4.b3 Qb6 5.Bg2 e5 6.cxd5 e4 7.Ng5 cxd5 8.O-O Nc6
9.Nc3 h6 10.Nh3 d4 11.Na4 Qc7 12.d3 Bf5 13.dxe4 Nxe4 14.Nf4 Rd8 15.Qd3 Qe5
16.g4 Bh7 17.Qh3 Ng5 18.Qg3 Bd6 19.Nd3 Qe7 20.Bf4 O-O 21.Bxd6 Rxd6 22.Nac5 b6
23.h4 bxc5 24.hxg5 hxg5 25.Nxc5 Rh6 26.Rac1 Nb4 27.a3 Nc2 28.b4 Qxe2 29.Rfd1 Rf6
30.Bf1 Qf3 31.Nd7 Qxg3+ 32.fxg3 Rxf1+ 33.Rxf1 Rd8 34.Rf2 d3 35.Nc5 Nxa3 36.Rd2 Nb5
37.Rc4 f6 38.Kf2 Kf7 39.Ke3 Na3 40.Rd4 Nc2+ 41.Rxc2 Re8+ 42.Kd2 Re2+ 43.Kc1 Re1+
44.Kb2 dxc2 45.Nb3 Rb1+  0-1

[Event "16th TCh-RUS HL"]
[Site "Dagomys RUS"]
[Date "2009.04.09"]
[Round "8"]
[White "Galkin,A"]
[Black "Popov,Iv RUS"]
[Result "1/2-1/2"]
[WhiteElo "2617"]
[BlackElo "2568"]

1.c4 c6 2.e4 d5 3.cxd5 cxd5 4.exd5 Nf6 5.Nc3 Nxd5 6.Nf3 Nc6 7.Bc4 Nb6 8.Bb5 e6
9.d4 Be7 10.h4 Bd7 11.a3 Nd5 12.Qe2 O-O 13.Bd3 Qc7 14.O-O g6 15.h5 Bf6 16.Qe4  1/2-1/2

[Event "XXXII Open"]
[Site "Donostia San Sebastian ESP"]
[Date "2009.04.09"]
[Round "6"]
[White "Delchev,A"]
[Black "Alsina Leal,D"]
[Result "1-0"]
[WhiteElo "2648"]
[BlackElo "2503"]

1.c4 c6 2.e4 d5 3.cxd5 cxd5 4.d4 Nf6 5.Nc3 e6 6.Nf3 Bb4 7.exd5 Nxd5 8.Qc2 Nc6
9.Bd3 Ba5 10.a3 Nxc3 11.bxc3 Nxd4 12.Nxd4 Qxd4 13.Bb5+ Bd7 14.O-O Rc8 15.Rd1 Qxd1+
16.Qxd1 Bxb5 17.Qh5 a6 18.Bb2 Bb6 19.c4 Rxc4 20.Bxg7 Rg8 21.Qxh7 Rxg7 22.Qxg7 Rc2
23.Qh8+ Ke7 24.Qh4+ Ke8 25.a4 Bxf2+ 26.Qxf2 Rxf2 27.Kxf2 Bc6 28.a5 Ke7 29.g4 Kf6
30.Kg3 Kg6 31.Re1 Bd5 32.Re5 Bb3 33.Rc5 Ba2 34.Kf4 f6 35.Rc7 Bd5 36.Re7 e5+
37.Kg3 Be4 38.h4 Kh6 39.Re6 Kg7 40.g5  1-0

[Event "XXXVI Open"]
[Site "La Roda ESP"]
[Date "2009.04.09"]
[Round "2"]
[White "Llorente Zaro,A"]
[Black "Mena Corrochano,A"]
[Result "1-0"]
[WhiteElo "2434"]
[BlackElo "2165"]

1.c4 c6 2.d4 d5 3.Nf3 Nf6 4.e3 Bf5 5.Nc3 e6 6.Nh4 Bg6 7.Qb3 Qb6 8.Nxg6 hxg6
9.Bd2 Nbd7 10.Bd3 Qxb3 11.axb3 a6 12.Ke2 Be7 13.f4 c5 14.Kf3 Rc8 15.Na4 O-O
16.Rac1 Rc6 17.Rc2 Rfc8 18.Rhc1 Ne4 19.Bxe4 dxe4+ 20.Kxe4 cxd4 21.exd4 b5
22.Nc3 bxc4 23.Na4 Nf6+ 24.Kf3 Nd5 25.Rxc4 Rxc4 26.bxc4 Nb4 27.Bxb4 Bxb4
28.Ke4 Kf8 29.Nb6 Rc7 30.Ra1 a5 31.c5 Ke7 32.Kd3 Kd8 33.Nc4 Rb7 34.Kc2 Rd7
35.Ne5 Rc7 36.Nd3 Rd7 37.Nxb4 axb4 38.Kd3 g5 39.Ra4 gxf4 40.Rxb4 e5 41.Ke4 exd4
42.Rxd4 Rxd4+ 43.Kxd4 g5 44.Ke5 Kc7 45.Kf5 f6 46.h4 gxh4 47.Kxf4  1-0

[Event "16th TCh-RUS HL"]
[Site "Dagomys RUS"]
[Date "2009.04.10"]
[Round "9"]
[White "Lushenkov,M"]
[Black "Antipov,M2"]
[Result "1-0"]
[WhiteElo "2464"]
[BlackElo "2208"]

1.c4 c6 2.e4 d5 3.cxd5 cxd5 4.exd5 Nf6 5.Nc3 Nxd5 6.Nf3 Nc6 7.Bb5 Nxc3 8.bxc3 e6
9.d4 Bd6 10.O-O O-O 11.Re1 Bd7 12.Bd3 Be7 13.Qe2 Rc8 14.Qe4 g6 15.Bh6 Re8
16.Rac1 Bf6 17.Qf4 Bg7 18.h4 Qf6 19.Qe3 Bxh6 20.Qxh6 Re7 21.h5 Rce8 22.hxg6 hxg6
23.Ng5 Qh8 24.Qxh8+ Kxh8 25.f4 Kg7 26.Kf2 f6 27.Ne4 Rh8 28.Rh1 Rxh1 29.Rxh1 b6
30.g4 Nd8 31.g5 fxg5 32.Nxg5 Be8 33.Ke3 Kg8 34.Rh6 Kg7 35.Rh2 Kg8 36.Ke4 Nc6
37.Bb5 Kg7 38.Bxc6 Bxc6+ 39.Ke5 Bd5 40.a3 Bc4 41.Rh7+ Kf8 42.Rh8+ Kg7 43.Kd6  1-0

[Event "XXXII Open"]
[Site "Donostia San Sebastian ESP"]
[Date "2009.04.10"]
[Round "8"]
[White "Fidalgo Fernandez,J"]
[Black "Cifuentes Parada,R"]
[Result "0-1"]
[WhiteElo "2285"]
[BlackElo "2531"]

1.c4 c6 2.Nf3 d5 3.e3 Nf6 4.Qc2 e6 5.b3 Bd6 6.Bb2 O-O 7.Be2 Qe7 8.d4 Nbd7
9.Nc3 e5 10.cxd5 cxd5 11.dxe5 Nxe5 12.Nd4 Nc6 13.Rd1 Nxd4 14.Rxd4 Be6 15.Rd1 Rac8
16.Qd3 Rfd8 17.O-O Be5 18.Rc1 d4 19.exd4 Bxd4 20.Qb1 a6 21.Bf3 h5 22.h3 b5
23.Ne2 Bxb2 24.Qxb2 Bd5 25.Rxc8 Rxc8 26.Bxd5 Nxd5 27.Rd1 Nb4 28.Rd2 Qg5 29.a3 Nd5
30.h4 Qf6 31.Rd4 Nc3 32.Rd3 Nxe2+ 33.Qxe2 Qxh4 34.Qd2 Qf6 35.b4 Rc4 36.Qe3 g6
37.g3 Kg7 38.Kg2 h4 39.Qf3 hxg3 40.Qxf6+ Kxf6 41.Rd6+ Ke5 42.Rxa6 gxf2 43.Ra5 Rf4
44.Rxb5+ Ke4 45.Kf1 Rf3 46.Rb7 f5 47.Ra7 Kf4 48.b5 Kg3 49.Rg7 Rb3 50.Rxg6+ Kf3  0-1

[Event "ArcelorMittal Open"]
[Site "Frydek Mistek CZE"]
[Date "2009.04.11"]
[Round "6"]
[White "Trombik,K"]
[Black "Mouryc,T"]
[Result "1-0"]
[WhiteElo "2143"]
[BlackElo "1992"]

1.c4 c6 2.Qc2 Nf6 3.Nf3 d6 4.d3 g6 5.g3 Bg7 6.Bg2 O-O 7.O-O Na6 8.Nc3 Nc7
9.Bd2 Bd7 10.Rab1 Rb8 11.a4 Qc8 12.Rfe1 e5 13.b4 Ne6 14.b5 c5 15.Qc1 Re8
16.Bh6 Qd8 17.Bxg7 Kxg7 18.h3 Nh5 19.e3 f5 20.Qb2 Kg8 21.Red1 f4 22.exf4 exf4
23.g4 Nf6 24.Ne4 Nxe4 25.dxe4 Qe7 26.Qd2 Rbd8 27.Qxd6 Qg7 28.Qe5 Qf8 29.Qc3 b6
30.Rd3 Bc8 31.Rbd1 Rxd3 32.Rxd3 Rd8 33.Rxd8 Qxd8 34.Qe5 a5 35.Qd5 Kf8 36.Ne5 Qc7
37.Nf3 Qd8 38.e5 Qc7 39.Nd2 Nd4 40.Qe4 g5 41.Qa8 Ke7 42.Qe4 Kf8 43.Qe1 Be6
44.Bd5 Qd7 45.Bxe6 Qxe6 46.Qe4 Kg7 47.Kg2 h6 48.Qd5 Kg6 49.Ne4 h5 50.f3 hxg4  1-0

[Event "XXXVI Open"]
[Site "La Roda ESP"]
[Date "2009.04.11"]
[Round "6"]
[White "Alcaraz Ortega,J"]
[Black "Antoli Royo,J"]
[Result "0-1"]
[WhiteElo "2239"]
[BlackElo "2416"]

1.c4 c6 2.e4 d5 3.cxd5 cxd5 4.exd5 Nf6 5.Nc3 g6 6.Bc4 Bg7 7.Qb3 O-O 8.Nge2 Na6
9.d3 Nc7 10.a4 b6 11.a5 b5 12.Nxb5 Rb8 13.Bf4 Nfe8 14.Qa2 Rxb5 15.Bxb5 Nxb5
16.O-O Bb7 17.Rac1 Bxd5 18.Qa4 a6 19.Nc3 Bc6 20.Qc4 Qa8 21.f3 Ned6 22.Qa2 Nf5
23.Ne4 Bd5 24.Qb1 Nfd4 25.Rf2 Nb3 26.Re1 Nxa5 27.b4 Nc6 28.Kh1 Rc8 29.Bc1 Qa7
30.Be3 Bd4 31.Bxd4 Qxd4 32.Rb2 f5 33.Nc5 Nxb4 34.Rxb4 Qxc5 35.Rb2 Nd4 36.Rb8 Kf7
37.Rxc8 Qxc8 38.Qb4 Nc6 39.Qh4 Kg7 40.Rc1 Qe6 41.h3 h6 42.Re1 Qd6 43.Qa4 a5
44.Qa1+ Kh7 45.Rc1 Qe5 46.Qa4 Nd4 47.Rf1 Ne2 48.Rd1 Bxf3 49.Qc2 Qg3  0-1

[Event "11th European Senior Team"]
[Site "Velden AUT"]
[Date "2009.04.11"]
[Round "7"]
[White "Donchenko,An"]
[Black "Baumbach,F"]
[Result "1-0"]
[WhiteElo "2378"]
[BlackElo "2280"]

1.c4 c6 2.d4 d5 3.Nf3 Nf6 4.Qc2 dxc4 5.Qxc4 Bg4 6.Nbd2 Nbd7 7.g3 e6 8.Bg2 Be7
9.O-O O-O 10.e3 Rc8 11.h3 Bh5 12.g4 Bg6 13.Nh4 Nd5 14.Nxg6 hxg6 15.Nb3 c5
16.dxc5 Bxc5 17.Nxc5 Rxc5 18.Qb3 Qb6 19.e4 Ne7 20.Qa3 Qa5 21.Qxa5 Rxa5 22.Rd1 Nb6
23.b3 Rc5 24.Ba3 Rc7 25.Bf1 Rfc8 26.Rac1 Rxc1 27.Rxc1 Rxc1 28.Bxc1 f6 29.f4 Kf7
30.Kf2 Nc6 31.Bd2 e5 32.g5 Ke7 33.h4 exf4 34.Bxf4 Ne5 35.Ke3 Nc6 36.Kd2 Ne5
37.Kc3 Nf3 38.gxf6+ gxf6 39.Bg3 f5 40.Bh3 Kf6 41.exf5 gxf5 42.Bg2 f4 43.Bxf4 Nxh4
44.Bxb7 Ke7 45.Bg5+  1-0

[Event "ArcelorMittal Open"]
[Site "Frydek Mistek CZE"]
[Date "2009.04.12"]
[Round "8"]
[White "Hantak,A"]
[Black "Foltyn,L"]
[Result "1-0"]
[WhiteElo "2196"]
[BlackElo "2008"]

1.c4 c6 2.e4 e5 3.Nf3 Qc7 4.d4 d6 5.Nc3 Nf6 6.Be2 Be7 7.O-O O-O 8.b3 Bg4
9.Bb2 Nbd7 10.Rc1 Rfe8 11.d5 Nc5 12.Ne1 Bd7 13.Bf3 a5 14.g3 Bh3 15.Ng2 g5
16.Qc2 Qd7 17.Rfe1 Kh8 18.Ne3 Rg8 19.a3 Rg6 20.Nf5 Bf8 21.Rcd1 Re8 22.Ne3 Qc8
23.b4 axb4 24.axb4 Na6 25.Qb3 c5 26.b5 Nc7 27.Ra1 Rh6 28.Qd1 Be7 29.g4 Rh4
30.Nf5 Rxg4+ 31.Bxg4 Bxg4 32.Qd3 Nh5 33.Ne2 Nf4 34.Nxf4 gxf4 35.h3 Bh5 36.Kh2 Bg6
37.Nxe7 Rxe7 38.Qf3 Kg8 39.Qg4 f5 40.exf5 Qxf5 41.Qxf5 Bxf5 42.f3 Kf7 43.Rg1 Bd3
44.Ra4 Ne8 45.Kg2 Ng7 46.Kf2 Nf5 47.Bc1 Nd4 48.Bd2 Kf6 49.Rg8 Bc2 50.Raa8  1-0

[Event "XXVII Open"]
[Site "Metz FRA"]
[Date "2009.04.12"]
[Round "3"]
[White "Bauduin,E"]
[Black "Baudry,L"]
[Result "1-0"]
[WhiteElo "2271"]
[BlackElo "2001"]

1.c4 c6 2.e4 d5 3.cxd5 cxd5 4.exd5 Qxd5 5.Nc3 Qd8 6.Nf3 Nc6 7.Bc4 Nf6 8.d4 e6
9.O-O Be7 10.Qe2 O-O 11.Rd1 Nd5 12.Bd3 f5 13.Bc4 Bf6 14.Ne5 Bxe5 15.dxe5 Nxc3
16.bxc3 Qa5 17.Bf4 Qxc3 18.Rac1 Qa5 19.Rd6 Rd8 20.Rcd1 Qc7 21.Qd3 Rf8 22.h4 Qe7
23.Qg3 Kh8 24.Bb5 Rg8 25.Bg5 Qc7 26.Bxc6 bxc6 27.Rd8 Bb7 28.R1d7 Qb6 29.h5 h6
30.Be3 Qb5 31.Qg6 Bc8 32.Rxg7  1-0

[Event "LV Abierto Mexicano"]
[Site "Toluca MEX"]
[Date "2009.04.12"]
[Round "9"]
[White "Onischuk,Al"]
[Black "Perez Garcia,Rodn"]
[Result "1-0"]
[WhiteElo "2684"]
[BlackElo "2436"]

1.c4 c6 2.e4 d5 3.exd5 Nf6 4.Nc3 cxd5 5.cxd5 Nxd5 6.Nf3 e6 7.d4 Be7 8.Bc4 Nc6
9.O-O O-O 10.Re1 a6 11.Bb3 Re8 12.Qd3 Ncb4 13.Qe2 Nc6 14.Bd2 b6 15.Qe4 Bb7
16.Nxd5 exd5 17.Bxd5 Bf6 18.Qxe8+ Qxe8 19.Rxe8+ Rxe8 20.Rc1 Nxd4 21.Bxb7 Ne2+
22.Kf1 Nxc1 23.Bxc1 Rb8 24.Bd5 Rd8 25.Bb3 Rc8 26.Be3 b5 27.Ng5 Rc7 28.Bxf7+ Rxf7
29.Nxf7 Kxf7 30.b3 Ke6 31.Ke2 Kd5 32.Kd3 g6 33.g4 Be5 34.h3 Bf6 35.f4 Bb2
36.Bd2 Bf6 37.Bc3 Be7 38.Ke3 Bd8 39.Kf3 Bc7 40.Bg7 Bd6 41.Bh6 Bc5 42.f5 gxf5
43.gxf5 Ke5 44.Kg4 Kf6 45.Kf4 Bd6+ 46.Ke4 Ba3 47.Be3 Be7 48.Bf2  1-0

[Event "ch-MGL"]
[Site "Ulan Bator MGL"]
[Date "2009.04.12"]
[Round "4"]
[White "Batjancan,P"]
[Black "Tuvsanaa,N"]
[Result "0-1"]
[WhiteElo "2136"]
[BlackElo "2301"]

1.c4 c6 2.e4 d5 3.exd5 cxd5 4.d4 Nf6 5.Nc3 Nc6 6.Nf3 Bg4 7.cxd5 Nxd5 8.Qb3 Bxf3
9.gxf3 e6 10.Qxb7 Nxd4 11.Bb5+ Nxb5 12.Qc6+ Ke7 13.Nxb5 a6 14.Nd4 Qc8 15.Qa4 Qd7
16.Qb3 Ke8 17.O-O Bc5 18.Rd1 Bxd4 19.Rxd4 f6 20.Be3 Kf7 21.Qd3 g6 22.Rc1 Rhc8
23.Rdc4 Rxc4 24.Rxc4 Qb7 25.b3 Rc8 26.Bh6 Rd8 27.Qc2 Ne7 28.Kg2 Rd7 29.Be3 Nf5
30.Bc5 Qd5 31.Qe4 h5 32.Qxd5 exd5 33.Ra4 d4 34.Rxa6 d3 35.Bb4 d2 36.Bxd2 Rxd2
37.b4 g5 38.Kf1 Nh4 39.b5 Nxf3 40.h3 Rb2 41.a4 Kg6 42.b6 Kf5 43.a5 Ke4  0-1

[Event "Sydney International Open"]
[Site "Parramatta AUS"]
[Date "2009.04.17"]
[Round "5"]
[White "Brown,An"]
[Black "Illingworth,M"]
[Result "0-1"]
[WhiteElo "2085"]
[BlackElo "2243"]

1.c4 c6 2.d4 d5 3.Nf3 Nf6 4.Nc3 dxc4 5.a4 Bg4 6.e3 e5 7.Bxc4 exd4 8.Qb3 Qc7
9.Nxd4 Bc5 10.O-O O-O 11.h3 Bh5 12.Nce2 Nbd7 13.Nf4 Bxd4 14.exd4 Nb6 15.Nxh5 Nxh5
16.Be2 Nf6 17.a5 Nbd5 18.a6 b6 19.Bf3 Rfe8 20.Qc2 h6 21.Bd2 Re6 22.Rfe1 Rae8
23.Rxe6 Rxe6 24.Rc1 Qd6 25.Qf5 g6 26.Qb1 Kg7 27.Rc4 Qd7 28.b4 Qe8 29.Qc1 h5
30.b5 cxb5 31.Rc8 Qd7 32.Kh2 Re8 33.Bh6+ Kh7 34.Rxe8 Qxe8 35.Bf4 Nxf4 36.Qxf4 Qe7
37.Bc6 b4 38.d5 Ne4 39.Qe3 Qd6+ 40.g3 Nf6 41.Qf3 Kg7 42.Kg2 Qe5 43.g4 hxg4
44.hxg4 Qd4 45.g5 Qg4+ 46.Qxg4 Nxg4 47.Ba4 Ne5 48.f4 Nc4 49.Kf3 b3 50.Ke4 b2
51.Bc2 Kf8 52.d6 Nxd6+ 53.Kd5 Nb5 54.f5 Na3 55.Bd3 b1=Q 56.Bxb1 Nxb1 57.f6 Ke8
58.Kc6 Nc3 59.Kb7 Kd7 60.Kxa7 Kc7 61.Ka8 Nb5  0-1

[Event "XV Leonardo di Bona Magistrale"]
[Site "Cutro ITA"]
[Date "2009.04.23"]
[Round "6"]
[White "Georgiev,Vl"]
[Black "Rusev,K"]
[Result "1/2-1/2"]
[WhiteElo "2539"]
[BlackElo "2498"]

1.c4 c6 2.Nf3 d5 3.d4 a6 4.c5 Nf6 5.Nc3 Bf5 6.Bf4 e6 7.e3 Be7 8.Be2 Nbd7
9.Nd2 Bg6 10.O-O O-O 11.h3 Qc8  1/2-1/2

[Event "Open"]
[Site "Thessaloniki GRE"]
[Date "2009.04.27"]
[Round "1"]
[White "Dimitrov,R"]
[Black "Kounalakis,E"]
[Result "1/2-1/2"]
[WhiteElo "2388"]
[BlackElo "2090"]

1.c4 c6 2.d4 d5 3.Nf3 Nf6 4.Nc3 e6 5.Bg5 h6 6.Bxf6 Qxf6 7.e3 Nd7 8.cxd5 exd5
9.Bd3 Bb4 10.O-O O-O 11.a3 Bxc3 12.bxc3 Nb6 13.Qc2 Be6 14.a4 Rac8 15.Rfb1 Rc7
16.a5 Nd7 17.c4 dxc4 18.Bxc4 Rfc8 19.Bxe6 fxe6 20.Ra4 b5 21.axb6 axb6 22.Rc4 Qf5
23.Qxf5 exf5 24.Nh4 Rf8 25.Ng6 Re8 26.d5 Ne5 27.Nxe5 Rxe5 28.dxc6 Rc5 29.Rxc5 bxc5
30.Rb6 Kf8 31.Kf1 Ke7 32.Ke2 Kd6 33.Kd3 Rxc6 34.Rb8 Ra6 35.Rb7 g6 36.f4 Ke6
37.Kc4 Ra2 38.Rb6+ Kf7 39.Kd5 Re2 40.Rb3 Kf6 41.h4 h5 42.g3 Rg2 43.Rb6+ Kg7
44.Ke6 Rxg3 45.Rb7+ Kh6 46.Kf6 Rxe3 47.Rb8 Kh7 48.Rb7+ Kh6 49.Rb8  1/2-1/2

[Event "11th Dubai Open"]
[Site "Dubai UAE"]
[Date "2009.04.28"]
[Round "3"]
[White "Gasanov,E"]
[Black "Malakhatko,V"]
[Result "1/2-1/2"]
[WhiteElo "2551"]
[BlackElo "2610"]

1.c4 c6 2.d4 d5 3.Nc3 Nf6 4.e3 a6 5.Nf3 e6 6.b3 Bb4 7.Bd2 Nbd7 8.g3 b6 9.Bg2 Bb7
10.O-O Be7 11.Qc2 Rc8 12.e4 c5 13.exd5 exd5 14.Rfe1 Nf8 15.dxc5 Rxc5 16.Nd4 Ng6
17.Nf5 O-O 18.Na4 Rc7 19.Nxe7+ Rxe7 20.Bb4 Rxe1+ 21.Rxe1 Re8 22.Rxe8+ Nxe8
23.cxd5 b5 24.Nc5 Bxd5 25.Qd3 Nf6 26.Ne4 a5 27.Bc5 Nh5 28.Nc3 Nhf4 29.gxf4 Nxf4
30.Qg3 Bxg2 31.Qxf4 Bc6 32.Bd4 f6 33.Qf5 Qe8 34.Be3 b4 35.Ne2 Be4 36.Qxa5 Qd7
37.f3 Bxf3 38.Kf2 Qg4 39.Qd8+ Kf7 40.Qc7+ Ke8 41.Nf4 Be4 42.Qb8+ Kf7 43.Qa7+ Ke8
44.Qb8+ Kf7 45.Qc7+ Ke8 46.Bc5 Qf3+ 47.Ke1 Qc3+ 48.Ke2 Qf3+ 49.Ke1 Qc3+ 50.Kf2 Qf3+
51.Ke1  1/2-1/2

[Event "TOP 16 GpB"]
[Site "Chalons en Champagne FRA"]
[Date "2009.05.01"]
[Round "5"]
[White "Damljanovic,B"]
[Black "Varga,P1"]
[Result "1/2-1/2"]
[WhiteElo "2573"]
[BlackElo "2446"]

1.c4 c6 2.e4 e5 3.Nf3 d6 4.d4 Bg4 5.Be2 Be7 6.d5 Bxf3 7.Bxf3 Bg5 8.Nd2 c5
9.b3 Ne7 10.Bb2 O-O 11.Bc3 a5 12.g3 Na6 13.O-O Nc7 14.Be2 Bh6 15.Bd3 Ng6
16.Nf3 Qd7 17.Ne1 b5 18.Bc2 Qh3 19.Qd3 b4 20.Bb2 Ne8 21.Rd1 Nf6 22.f3 Rfe8
23.Qe2 Nd7 24.Nd3 Qh5 25.Nf2 Ne7 26.Ng4 f5 27.Nxh6+ Qxh6 28.exf5 g6 29.fxg6 Nxg6
30.Bf5 Ndf8 31.Kh1 a4 32.Bc2 a3 33.Bc1 Qh5 34.Rde1 Nd7 35.h4 Nh8 36.Bg5 Qf7
37.Qe4 Ng6 38.Qg4 Kh8 39.h5 Ngf8 40.Bf5 Nf6 41.Bxf6+ Qxf6 42.f4 exf4 43.gxf4 Rxe1
44.Rxe1 Ra7 45.Rg1 Rg7 46.Qxg7+ Qxg7 47.Rxg7 Kxg7 48.Kg2 Kf6 49.Bc8 h6 50.Kf3 Nh7
51.Ke4 Nf8 52.Bf5 Kf7 53.Kf3 Kf6 54.Ke4 Kf7  1/2-1/2

[Event "TOP 16 GpB"]
[Site "Chalons en Champagne FRA"]
[Date "2009.05.01"]
[Round "5"]
[White "Eliet,N"]
[Black "Sebag,M"]
[Result "0-1"]
[WhiteElo "2429"]
[BlackElo "2527"]

1.c4 c6 2.g3 d5 3.Nf3 Nf6 4.Bg2 dxc4 5.Qc2 Be6 6.Ng5 Bd5 7.e4 h6 8.Nh3 Be6
9.Nf4 Bc8 10.e5 Nd5 11.Qxc4 Nxf4 12.Qxf4 Na6 13.O-O Nc5 14.Nc3 Nd3 15.Qa4 e6
16.Ne4 Be7 17.b4 Qd4 18.Rb1 O-O 19.Ba3 a5 20.Nd6 Bd7 21.Qb3 Bxd6 22.exd6 b5
23.bxa5 Rxa5 24.Bb2 Nxb2 25.Rxb2 Qxd6 26.d4 Ra4  0-1

[Event "IV Tch-ESP Selecciones Autonomicas"]
[Site "Villava ESP"]
[Date "2009.05.01"]
[Round "2"]
[White "Pena Gomez,M"]
[Black "Espinosa Aranda,A"]
[Result "1-0"]
[WhiteElo "2456"]
[BlackElo "2336"]

1.c4 c6 2.Nc3 d5 3.g3 Nf6 4.Bg2 Bf5 5.Qb3 Qb6 6.Nf3 e6 7.d3 Nbd7 8.O-O dxc4
9.Qxc4 Qb4 10.Qxb4 Bxb4 11.Bd2 Rd8 12.a3 Be7 13.b4 O-O 14.Nd4 Bg6 15.Nb3 Rb8
16.Be3 a6 17.Rfc1 Rfd8 18.Na5 Rdc8 19.Rab1 Bd8 20.a4 Ng4 21.Bd2 Bb6 22.Be1 Nde5
23.h3 Nf6 24.Kh2 Nd5 25.f4 Nd7 26.Nxd5 exd5 27.e4 dxe4 28.dxe4 f6 29.Rd1 Rd8
30.Nc4 Bc7 31.b5 axb5 32.axb5 cxb5 33.Rxb5 b6 34.Bf2 Bf7 35.Nd6 Nc5 36.e5 fxe5
37.fxe5 Bc4 38.Rb4 Be6 39.Rbb1 Nd7 40.Rbc1 Nc5 41.g4 Rf8 42.Bg3 Rbd8 43.Rc3 Bxd6
44.exd6 Nd7 45.Rc7 Nf6 46.Rb1 Nd7 47.Re1 Bf7 48.g5 Nc5 49.h4 Rfe8 50.Ree7 Rf8
51.Bd5 Nd7 52.Be4 Nc5 53.Bc2 g6 54.Bd1 Ra8 55.Bg4 Rad8 56.Ra7 Rb8 57.d7 Ra8
58.Rxf7 Kxf7 59.d8=Q+  1-0

[Event "IV Tch-ESP Selecciones Autonomicas"]
[Site "Villava ESP"]
[Date "2009.05.01"]
[Round "2"]
[White "Moreno Gracia,Dan"]
[Black "Santos Latasa,J"]
[Result "1/2-1/2"]
[WhiteElo "2297"]
[BlackElo "2155"]

1.c4 c6 2.d4 d5 3.cxd5 cxd5 4.Nc3 Nc6 5.Bf4 Nf6 6.Nf3 e6 7.e3 a6 8.Bd3 Be7
9.h3 O-O 10.O-O b5 11.a4 b4 12.Ne2 Bd7 13.Nc1 Na5 14.Nd2 Qb6 15.Ndb3 Nxb3
16.Nxb3 a5 17.Bg5 Rfc8 18.Qe2 Bc6 19.Rfc1 h6 20.Bh4 Bb7 21.Bb5 Kf8 22.Bxf6 Bxf6
23.Nc5 Bc6 24.Bxc6 Qxc6 25.Qb5 Ke7 26.Qxc6 Rxc6 27.Nb7 Kd7 28.Rc5 Rxc5 29.Nxc5+ Ke7
30.Nb3 Kd6 31.Kf1 Bd8 32.Ke2 Bb6 33.Rc1 f6 34.Kd3 g5 35.f3 h5 36.e4 Rg8 37.exd5 exd5
38.Rf1 Rg7 39.Rf2 f5 40.Re2 Re7 41.Rxe7 Kxe7 42.g4 fxg4 43.fxg4 hxg4 44.hxg4 Ke6
45.Nd2 Bc7 46.Nb3 Bb6 47.Nd2  1/2-1/2

[Event "XXII Open"]
[Site "Benidorm ESP"]
[Date "2009.05.02"]
[Round "9"]
[White "Markowski,T"]
[Black "Al Sayed,Mohamad"]
[Result "0-1"]
[WhiteElo "2610"]
[BlackElo "2496"]

1.c4 c6 2.Nf3 d5 3.e3 Nf6 4.Nc3 e6 5.b3 Nbd7 6.Bb2 Bd6 7.Qc2 O-O 8.Be2 a6
9.d4 e5 10.cxd5 cxd5 11.dxe5 Nxe5 12.O-O Bg4 13.Nxe5 Bxe5 14.h3 Be6 15.Rac1 Rc8
16.Qb1 Bb8 17.Rfd1 Qd6 18.Bf3 Qh2+ 19.Kf1 b5 20.Nxd5 Nxd5 21.Bxd5 Bxd5 22.Rxd5 Rxc1+
23.Qxc1 Qh1+ 24.Ke2 Qxg2 25.Qc5 Qxh3 26.Qd4 f6 27.Ba3 Re8 28.Rd8 Qe6 29.Rxe8+ Qxe8
30.Qd5+ Kh8 31.Qa8 b4 32.Bb2 Qb5+ 33.Ke1 h5 34.Bd4 Kh7 35.Qe4+ Kh6 36.f4 Qd7
37.f5 Bg3+ 38.Ke2 Kg5 39.Kf3 Bd6 40.Bc5 Be5 41.Bxb4 Qd1+ 42.Kf2 h4 43.Qf3 Bg3+
44.Kg2 Qc2+ 45.Kf1 Qb1+ 46.Ke2 Qxf5 47.Qxf5+ Kxf5 48.Kf3 Be5 49.e4+ Kg5 50.Bd2+ Kh5
51.b4 g5 52.Bc1  0-1

[Event "11th Dubai Open"]
[Site "Dubai UAE"]
[Date "2009.05.02"]
[Round "6"]
[White "Sengupta,D"]
[Black "Bajarani,U"]
[Result "1/2-1/2"]
[WhiteElo "2466"]
[BlackElo "2331"]

1.c4 c6 2.b3 d5 3.Bb2 Nf6 4.g3 Bf5 5.Nf3 Nbd7 6.Bg2 e6 7.O-O Bd6 8.d3 O-O
9.Nbd2 Qe7 10.a3 Rad8 11.Re1 e5 12.cxd5 cxd5 13.e4 dxe4 14.dxe4 Be6 15.h3 Ne8
16.Bf1 f6 17.Nc4 Bc5 18.b4 Nb6 19.Ncd2 Bd6 20.Re3 Bb8 21.Rc1 Nd6 22.Rd3 Rc8
23.g4 Nbc4 24.Nxc4 Nxc4 25.Rc2 b5 26.Bc1 a6 27.Nd2 Nd6 28.Rdc3 Rfd8  1/2-1/2

[Event "Moscow Region Spring GM"]
[Site "Serpukhov RUS"]
[Date "2009.05.02"]
[Round "2"]
[White "Belous,V"]
[Black "Matsenko,S"]
[Result "0-1"]
[WhiteElo "2414"]
[BlackElo "2435"]

1.c4 c6 2.e4 d5 3.e5 Bf5 4.d4 e6 5.Nc3 Nd7 6.a3 dxc4 7.Bxc4 Ne7 8.Nge2 Nb6
9.Bb3 Ned5 10.Ng3 Bg6 11.Nce4 Be7 12.h4 h5 13.Bg5 f6 14.exf6 gxf6 15.Bd2 Nd7
16.Bc2 Bf7 17.Nc3 N7b6 18.Qe2 Qc7 19.Nce4 O-O-O 20.O-O-O Nd7 21.Kb1 Qb6 22.Ka1 Kb8
23.Nc3 Nxc3 24.Bxc3 Rde8 25.Rhe1 Ka8 26.Qf3 Qb5 27.Bd3 Qb3 28.Bb1 e5 29.dxe5 Nxe5
30.Bxe5 Qxf3 31.gxf3 fxe5 32.Nf5 Bc5 33.Nd6 Ref8 34.Nxf7 Rxf7 35.Be4 Bb6
36.Bg6 Rxf3 37.Bxh5 Rf4 38.f3 Bd4 39.Re4 Rxh4 40.Bg4 c5 41.Bf5 R4h6  0-1

[Event "Open"]
[Site "Thessaloniki GRE"]
[Date "2009.05.02"]
[Round "7"]
[White "Nikologorsky,M"]
[Black "Sanduleac,V"]
[Result "0-1"]
[WhiteElo "2229"]
[BlackElo "2438"]

1.c4 c6 2.e4 e5 3.Nc3 Be7 4.Nf3 d6 5.d4 Bg4 6.dxe5 Bxf3 7.Qxf3 dxe5 8.Be2 Nd7
9.O-O Ngf6 10.Be3 O-O 11.Rfd1 Qc7 12.Rd2 Nc5 13.Rad1 Ne6 14.Qg3 Bb4 15.f3 Qa5
16.Rc1 Rad8 17.Rxd8 Rxd8 18.Bg5 Nxg5 19.Qxg5 h6 20.Qf5 Bxc3 21.bxc3 Qxa2
22.Kf1 Qa5 23.g4 Qc5 24.h4 Qe7 25.g5 hxg5 26.Qxg5 Re8 27.Kf2 g6 28.Rg1 Nh5  0-1

[Event "IV Tch-ESP Selecciones Autonomicas"]
[Site "Villava ESP"]
[Date "2009.05.02"]
[Round "5"]
[White "Pena Gomez,M"]
[Black "Lopez Martinez,Josep"]
[Result "1/2-1/2"]
[WhiteElo "2456"]
[BlackElo "2557"]

1.c4 c6 2.Nf3 d5 3.g3 Nf6 4.Bg2 Bf5 5.b3 e6 6.O-O h6 7.Bb2 Be7 8.d3 O-O 9.Nbd2 Bh7
10.e4 Na6 11.a3 dxc4 12.dxc4 Nc5 13.e5 Nfe4 14.Nxe4 Nxe4 15.b4 Qxd1 16.Rfxd1 Rfd8
17.Re1 Nd2 18.Nxd2 Rxd2 19.Bc3 Rc2 20.Rec1 Rd8 21.Bf1 Rxc1 22.Rxc1 Bd3 23.Rd1 Bxf1  1/2-1/2